000 00706nam a2200289Ia 4500
008 160803s9999 xx 000 0 und d
020 _a9780439314138
100 _aBedford, David
245 _aIt's my turn! /
245 _cDavid Bedford ; illustrated by Elaine Field.
260 _aNew York :
260 _bScholastic Inc.
260 _c2000
300 _a1 volume (unpaged) :
300 _bcolor illustrations ;
300 _c24 cm
650 _aFriendship --
650 _aFriendship.
650 _aPlay --
650 _aPlaygrounds --
650 _aSharing --
650 _xFiction.
650 _xFiction.
650 _xFiction.
650 _xFiction.
700 _aBR
999 _c298172
_d298172